000 00749nam a22002177a 4500
001 38620
003 BD-RjUL
005 20211209052829.0
008 160127s1975 bg ||||| |||| 00| 0 ben d
035 _a(BD-RjUL)38728
040 _aBD-RjUL
_beng
_cBD-RjUL
041 _aben
082 _223
_a896
_bGOA 1975
100 _aগোস্বামী, করুণাময়
_9119200
245 _aআফ্রিকার গল্প /
_cকরুণাময় গোস্বামী
260 _aঢাকা :
_bমুক্তধারা,
_c১৯৭৫
300 _a১২৫ পৃ.;
_c২২ সেমি.
650 _aআফ্রিকার গল্প
_9119201
650 _aShort stories, African.
_9119202
942 _2ddc
_cBK
999 _c38620
_d38620